[Event "Niedersachsen-ch open"]
[Site "Verden"]
[Date "2010.01.03"]
[Round "1.36"]
[White "Palmer, Harald"]
[Black "Vogel, Christopher"]
[Result "0-1"]
[WhiteElo "1878"]
[BlackElo "1994"]
[PlyCount "100"]
[EventDate "2010.01.03"]
[EventType "swiss"]
[EventRounds "7"]
[EventCountry "GER"]
[SourceTitle "EXT 2012"]
[Source "ChessBase"]
[SourceDate "2011.11.24"]
[SourceVersion "1"]
[SourceVersionDate "2011.11.24"]
[SourceQuality "1"]

1. e4 c5 2. Nf3 e6 3. d4 cxd4 4. Nxd4 Nc6 5. Be2 Qc7 6. Nc3 a6 7. 0-0 Nf6 8. Be3 Bb4 9. f3 Bxc3 10. bxc3 Ne5 11. Qd2 Nc4 12. Bxc4 Qxc4 13. a4 0-0 14. Ne2 d6 15. Ng3 Bd7 16. Bg5 Rfc8 17. Bxf6 gxf6 18. h4 Qc5+ 19. Kh2 Kg7 20. Rfd1 b5 21. Qf4 Qe5 22. Qg4+ Kf8 23. f4 Qxc3 24. f5 Qe5 25. fxe6 Bxe6 26. Qh5 b4 27. Rab1 a5 28. Rd3 Rxc2 29. Rbd1 Rd8 30. Kh1 Qxh5 31. Nxh5 Ke7 32. Nf4 Ra2 33. Nd5+ Bxd5 34. exd5 Kd7 35. Rf3 Rxa4 36. Rxf6 Rf8 37. Rc1 Ke7 38. Rh6 Rd8 39. Re1+ Kd7 40. Rxh7 Rf8 41. h5 b3 42. Rb1 Rb4 43. g4 a4 44. g5 Rh4+ 45. Kg2 Rg4+ 46. Kf3 Rxg5 47. Ke4 Ke7 48. Kd4 Rg4+ 49. Kc3 Rc8+ 50. Kb2 Rc2+ 0-1

[Event "Bezirk-ch U18"]
[Site "Peine"]
[Date "2006.10.17"]
[Round "7"]
[White "Vogel, Christopher"]
[Black "Freitag, Christian"]
[Result "0-1"]
[WhiteElo "1716"]
[BlackElo "1603"]
[PlyCount "118"]
[EventDate "2006.10.14"]
[EventType "swiss"]
[EventRounds "7"]
[EventCountry "GER"]
[SourceTitle "EXT 2008"]
[Source "ChessBase"]
[SourceDate "2007.11.25"]
[SourceVersion "1"]
[SourceVersionDate "2007.11.25"]
[SourceQuality "1"]

1. d4 d5 2. c4 e6 3. Nc3 Nf6 4. cxd5 exd5 5. Bg5 Nbd7 6. e3 c6 7. Bd3 Be7 8. Qc2 0-0 9. Nf3 Re8 10. 0-0 Ne4 11. Bxe7 Qxe7 12. Bxe4 dxe4 13. Nd2 f5 14. d5 Ne5 15. Qb3 Qf7 16. dxc6 Qxb3 17. Nxb3 Nxc6 18. Nd5 Rd8 19. Nc7 Rb8 20. Rfd1 Kf7 21. Rxd8 Nxd8 22. Rd1 Ne6 23. Nb5 a6 24. Nd6+ Kf6 25. Kf1 g6 26. Ke2 Ke7 27. Na5 Nc5 28. Nxc8+ Rxc8 29. Rc1 Kd7 30. Nc4 Rc7 31. b4 Nd3 32. Nb6+ Kd8 33. Rxc7 Kxc7 34. Nd5+ Kd6 35. Nc3 Nxb4 36. f3 Nd5 37. Nd1 b5 38. Kd2 Kc5 39. h4 a5 40. a3 b4 41. axb4+ axb4 42. fxe4 fxe4 43. Nf2 Nc3 44. Ng4 Kc4 45. Ne5+ Kb3 46. Nc6 Ka3 47. Na5 Na4 48. Kc2 Nc5 49. Kb1 b3 50. Nc4+ Kb4 51. Nb6 Na4 52. Nd5+ Kc4 53. Nf4 Kb4 54. g4 Nc3+ 55. Kb2 Nd1+ 56. Kc1 Nxe3 57. g5 Nc4 58. Nd5+ Ka3 59. Kb1 Nd2+ 0-1

[Event "Bezirk-ch U18"]
[Site "Peine"]
[Date "2006.10.16"]
[Round "4"]
[White "Dorn, Matthias"]
[Black "Vogel, Christopher"]
[Result "1/2-1/2"]
[WhiteElo "1845"]
[BlackElo "1716"]
[PlyCount "147"]
[EventDate "2006.10.14"]
[EventType "swiss"]
[EventRounds "7"]
[EventCountry "GER"]
[SourceTitle "EXT 2008"]
[Source "ChessBase"]
[SourceDate "2007.11.25"]
[SourceVersion "1"]
[SourceVersionDate "2007.11.25"]
[SourceQuality "1"]

1. d4 f5 2. g3 Nf6 3. Bg2 e6 4. Nf3 Be7 5. 0-0 0-0 6. c4 d6 7. Nc3 Qe8 8. Ne1 Qh5 9. Nd3 c6 10. f3 d5 11. b3 b6 12. Bb2 Bb7 13. Nf4 Qf7 14. e4 Nbd7 15. cxd5 cxd5 16. e5 Nh5 17. Nd3 g5 18. Rf2 Rfc8 19. Rc2 a6 20. Rac1 Qf8 21. Na4 Ng7 22. Rc7 Rxc7 23. Rxc7 Bc8 24. Qc1 Qd8 25. Rc2 Bb7 26. Ba3 Bxa3 27. Qxa3 Ne8 28. Qc1 h6 29. Nb4 Rc8 30. Rxc8 Qxc8 31. Qxc8 Bxc8 32. Bf1 Nc7 33. Kg2 Bb7 34. Nc3 Kf7 35. Bd3 Kg7 36. h4 Kf7 37. Ne2 Nf8 38. Ng1 gxh4 39. g4 fxg4 40. fxg4 Ng6 41. Bxg6+ Kxg6 42. Kh3 h5 43. Kxh4 hxg4 44. Kxg4 a5 45. Nd3 Nb5 46. Nf4+ Kf7 47. Nf3 Bc8 48. a4 Nc3 49. Ng5+ Ke7 50. Kf3 b5 51. axb5 Nxb5 52. Ke3 Nc7 53. Nd3 Na6 54. Nf3 Bd7 55. Nc5 Bb5 56. Nxa6 Bxa6 57. Ne1 Bb5 58. Kd2 Kd7 59. Kc3 Kc7 60. b4 axb4+ 61. Kxb4 Kb6 62. Nf3 Bd3 63. Ng5 Bf5 64. Nf7 Bd3 65. Nd6 Be2 66. Ne8 Bg4 67. Ng7 Bh3 68. Ne8 Bg4 69. Nd6 Bh3 70. Nc8+ Kc7 71. Ne7 Kb6 72. Ng6 Bg4 73. Nf4 Bf5 74. Nh5 1/2-1/2

[Event "Bezirk-ch U18"]
[Site "Peine"]
[Date "2006.10.15"]
[Round "2"]
[White "Vogel, Christopher"]
[Black "Sauer, Norwin"]
[Result "1/2-1/2"]
[WhiteElo "1716"]
[BlackElo "1912"]
[PlyCount "102"]
[EventDate "2006.10.14"]
[EventType "swiss"]
[EventRounds "7"]
[EventCountry "GER"]
[SourceTitle "EXT 2008"]
[Source "ChessBase"]
[SourceDate "2007.11.25"]
[SourceVersion "1"]
[SourceVersionDate "2007.11.25"]
[SourceQuality "1"]

1. d4 d5 2. c4 c6 3. Nc3 e5 4. dxe5 d4 5. Ne4 Qa5+ 6. Bd2 Qxe5 7. Ng3 Nf6 8. Nf3 Qd6 9. e3 dxe3 10. Bxe3 Qb4+ 11. Qd2 Na6 12. a3 Qxd2+ 13. Bxd2 h5 14. Be2 h4 15. Nf1 Ne4 16. b4 Be7 17. Bd3 Nxd2 18. N1xd2 Bf6 19. Rb1 h3 20. 0-0 Be6 21. Ne4 0-0-0 22. Rfd1 Be7 23. Nfg5 Nc7 24. Nxe6 Nxe6 25. Ng3 Nf4 26. Bf5+ Kc7 27. Bxh3 Nxh3+ 28. gxh3 g6 29. Kg2 a5 30. Rxd8 Rxd8 31. Rb3 Rd4 32. c5 axb4 33. axb4 b6 34. cxb6+ Kxb6 35. Kf3 Rxb4 36. Rxb4+ Bxb4 37. Ke4 Bd6 38. f4 c5 39. h4 Be7 40. h5 gxh5 41. Nxh5 c4 42. Kd4 Kb5 43. Kc3 Bd6 44. h3 Bc7 45. h4 Bd8 46. Ng3 Bf6+ 47. Kc2 Bxh4 48. Nf5 Be1 49. Nd6+ Kc6 50. Nxf7 Kd5 51. Ne5 c3 1/2-1/2

[Event "Niedersachsen-ch U16"]
[Site "Rotenburg/Wuemme"]
[Date "2006.04.08"]
[Round "1"]
[White "Vogel, Christopher"]
[Black "Juenemann, Marcel"]
[Result "1/2-1/2"]
[WhiteElo "1693"]
[BlackElo "1942"]
[PlyCount "62"]
[EventDate "2006.04.08"]
[EventType "swiss"]
[EventRounds "9"]
[EventCountry "GER"]
[SourceTitle "EXT 2007"]
[Source "ChessBase"]
[SourceDate "2006.11.23"]
[SourceVersion "1"]
[SourceVersionDate "2006.11.23"]
[SourceQuality "1"]

1. d4 Nf6 2. c4 g6 3. Nc3 Bg7 4. e4 d6 5. Be2 0-0 6. Bg5 c5 7. d5 e6 8. Qd2 exd5 9. cxd5 Re8 10. Nf3 Bg4 11. 0-0 Nbd7 12. Rfe1 Qb6 13. Bf4 Nxe4 14. Nxe4 Rxe4 15. Rab1 Bxf3 16. gxf3 Ree8 17. Bd3 Be5 18. Bg3 Qd8 19. Kg2 Qf6 20. Re4 Qg7 21. f4 Bf6 22. f3 h6 23. Qe2 Qf8 24. Re1 Rec8 25. b3 a5 26. a4 Nb8 27. Re8 Rxe8 28. Qxe8 Na6 29. Qxf8+ Rxf8 30. f5 Nb4 31. Bb1 Rd8 1/2-1/2

[Event "BEM-ch U16"]
[Site "Helmstedt"]
[Date "2005.10.28"]
[Round "3"]
[White "Vogel, Christopher"]
[Black "Mueller, Bastian"]
[Result "1-0"]
[WhiteElo "1566"]
[BlackElo "1186"]
[PlyCount "71"]
[EventDate "2005.10.27"]
[EventType "swiss"]
[EventRounds "7"]
[EventCountry "GER"]
[SourceTitle "EXT 2007"]
[Source "ChessBase"]
[SourceDate "2006.11.23"]
[SourceVersion "1"]
[SourceVersionDate "2006.11.23"]
[SourceQuality "1"]

1. d4 f5 2. c4 d6 3. Nc3 Nf6 4. g3 g6 5. Bg2 Bg7 6. Nf3 0-0 7. 0-0 Nbd7 8. b3 Qe8 9. Qc2 e5 10. dxe5 dxe5 11. Ba3 Rf7 12. Ng5 Re7 13. Bxe7 Qxe7 14. e4 f4 15. gxf4 exf4 16. Rad1 Ne5 17. Nd5 Nxd5 18. exd5 Qxg5 19. f3 Bf5 20. Qe2 Re8 21. Kh1 Qh4 22. d6 g5 23. dxc7 Bf6 24. Rd8 Bxd8 25. cxd8Q Rxd8 26. Qxe5 g4 27. fxg4 Qxg4 28. Bd5+ Rxd5 29. Qxd5+ Be6 30. Qg2 Qxg2+ 31. Kxg2 Kg7 32. Rxf4 h5 33. Kg3 Kg6 34. Rd4 Kg5 35. Rd6 Bf5 36. h4# 1-0

[Event "BEM-ch U16"]
[Site "Helmstedt"]
[Date "2005.10.27"]
[Round "2"]
[White "Sauer, Norwin"]
[Black "Vogel, Christopher"]
[Result "1-0"]
[WhiteElo "1754"]
[BlackElo "1566"]
[PlyCount "63"]
[EventDate "2005.10.27"]
[EventType "swiss"]
[EventRounds "7"]
[EventCountry "GER"]
[SourceTitle "EXT 2007"]
[Source "ChessBase"]
[SourceDate "2006.11.23"]
[SourceVersion "1"]
[SourceVersionDate "2006.11.23"]
[SourceQuality "1"]

1. d4 f5 2. Nf3 Nf6 3. e3 e6 4. Bd3 Be7 5. Nbd2 0-0 6. e4 fxe4 7. Nxe4 d6 8. c3 Qe8 9. Qc2 Nxe4 10. Bxe4 Qh5 11. h3 e5 12. dxe5 dxe5 13. Bd2 Bf5 14. Qb3+ Kh8 15. Bxb7 Nd7 16. Bxa8 Nc5 17. Qb5 Rxa8 18. 0-0 Bxh3 19. Qc6 Rf8 20. Nh2 Bd7 21. Qxc7 h6 22. Be3 Rc8 23. Qxa7 Qf5 24. Rad1 Nd3 25. g4 Qe6 26. Rxd3 Bb5 27. c4 Rxc4 28. Qb8+ Kh7 29. Qxb5 Rxg4+ 30. Kh1 Bd6 31. Qd5 Qf5 32. Nxg4 1-0

[Event "Niedersachsen-ch U16"]
[Site "Rotenburg/Wuemme"]
[Date "2005.03.22"]
[Round "6"]
[White "Guennigmann, Laura"]
[Black "Vogel, Christopher"]
[Result "0-1"]
[WhiteElo "1487"]
[BlackElo "1532"]
[PlyCount "114"]
[EventDate "2005.03.19"]
[EventType "swiss"]
[EventRounds "9"]
[EventCountry "GER"]
[SourceTitle "EXT 2007"]
[Source "ChessBase"]
[SourceDate "2006.11.23"]
[SourceVersion "1"]
[SourceVersionDate "2006.11.23"]
[SourceQuality "1"]

1. e4 c5 2. Nf3 d6 3. d4 cxd4 4. Nxd4 Nf6 5. Nc3 Nc6 6. Be3 e5 7. Nb3 Be6 8. Be2 Be7 9. 0-0 0-0 10. Kh1 d5 11. exd5 Nxd5 12. Nxd5 Qxd5 13. Qxd5 Bxd5 14. c3 Rfd8 15. Nd2 f5 16. Nb3 Bxb3 17. axb3 f4 18. Bc1 Bf6 19. b4 Ne7 20. h3 g5 21. g3 Kg7 22. h4 h6 23. Rg1 Ng6 24. hxg5 hxg5 25. Kg2 e4 26. gxf4 gxf4 27. Bg4 f3+ 28. Bxf3 exf3+ 29. Kxf3 Kf7 30. Be3 a6 31. Ra2 Ne5+ 32. Ke2 Rg8 33. Rd1 Rae8 34. Kf1 Ng4 35. Rd7+ Re7 36. Rxe7+ Kxe7 37. Bc5+ Kd7 38. Ra1 Re8 39. Rd1+ Kc7 40. Rb1 b6 41. Be3 Nxe3+ 42. fxe3 Rxe3 43. Re1 Rxe1+ 44. Kxe1 Kc6 45. Kd2 Kd5 46. Kd3 Bg7 47. Kc2 Ke4 48. Kd2 Bh6+ 49. Kc2 Ke3 50. Kb3 Kd3 51. Ka3 Kc4 52. Ka4 Bd2 53. Ka3 Bxc3 54. bxc3 Kxc3 55. Ka4 Kc4 56. Ka3 b5 57. Kb2 Kxb4 0-1

[Event "Niedersachsen-ch U16"]
[Site "Rotenburg/Wuemme"]
[Date "2005.03.20"]
[Round "2"]
[White "Borrink, Joern"]
[Black "Vogel, Christopher"]
[Result "1-0"]
[WhiteElo "1670"]
[BlackElo "1532"]
[PlyCount "141"]
[EventDate "2005.03.19"]
[EventType "swiss"]
[EventRounds "9"]
[EventCountry "GER"]
[SourceTitle "EXT 2007"]
[Source "ChessBase"]
[SourceDate "2006.11.23"]
[SourceVersion "1"]
[SourceVersionDate "2006.11.23"]
[SourceQuality "1"]

1. e4 c5 2. Nf3 Nc6 3. d4 cxd4 4. Nxd4 Nf6 5. Nc3 e5 6. Ndb5 d6 7. Bg5 a6 8. Bxf6 gxf6 9. Na3 b5 10. Nd5 f5 11. exf5 Bxf5 12. c3 Bg7 13. Qf3 Bd7 14. Bd3 0-0 15. Ne3 Ne7 16. Be4 Ra7 17. g4 Be6 18. Rd1 Qb6 19. Nf5 Rd8 20. Nxe7+ Rxe7 21. Qh3 h6 22. Qh4 f6 23. Nc2 d5 24. Bf5 d4 25. Bxe6+ Rxe6 26. 0-0 dxc3 27. bxc3 Red6 28. Rxd6 Rxd6 29. Ne3 Rd2 30. Nf5 Kh7 31. Qg3 Rxa2 32. Qd3 Qc7 33. Ne7+ Kh8 34. Nf5 Ra3 35. Rd1 Bf8 36. Qd8 Qxd8 37. Rxd8 Kg8 38. Nxh6+ Kg7 39. Nf5+ Kf7 40. h4 Rxc3 41. Ra8 Ra3 42. h5 b4 43. h6 Bxh6 44. Nxh6+ Kg6 45. Nf5 Kg5 46. Ne3 b3 47. Rb8 a5 48. Nc4 Ra1+ 49. Kg2 Kxg4 50. Rxb3 e4 51. Rb6 f5 52. Ne3+ Kg5 53. Rb5 Ra3 54. Rxf5+ Kg6 55. Re5 Rb3 56. Rxa5 Rb4 57. Rc5 Ra4 58. Rc4 Ra3 59. Rxe4 Kf6 60. f4 Rb3 61. Kf3 Ra3 62. Kg4 Ra1 63. Nd5+ Kf7 64. Kf5 Rh1 65. Re7+ Kf8 66. Kg6 Rd1 67. Re5 Rg1+ 68. Kf6 Rh1 69. Ne7 Ra1 70. Ng6+ Kg8 71. Re8+ 1-0